Guilty by a Hair! : (Record no. 5021)

MARC details
000 -LEADER
fixed length control field 00874nam a22002417a 4500
001 - CONTROL NUMBER
control field 5021
003 - CONTROL NUMBER IDENTIFIER
control field FISKH
005 - DATE AND TIME OF LATEST TRANSACTION
control field 20241031163005.0
008 - FIXED-LENGTH DATA ELEMENTS--GENERAL INFORMATION
fixed length control field 241031b cb ||||| |||| 00| 0 eng d
020 ## - INTERNATIONAL STANDARD BOOK NUMBER
International Standard Book Number 9780531262290
040 ## - CATALOGING SOURCE
Original cataloging agency FISKH
Language of cataloging eng
Transcribing agency FISKH
Modifying agency FISKH
050 ## - LIBRARY OF CONGRESS CALL NUMBER
Classification number QP624.P74
082 ## - DEWEY DECIMAL CLASSIFICATION NUMBER
Classification number 572.8
100 ## - MAIN ENTRY--PERSONAL NAME
Personal name Prokos, Anna
245 ## - TITLE STATEMENT
Title Guilty by a Hair! :
Remainder of title Real-life DNA Matches! /
Statement of responsibility, etc. by Anna Prokos
260 ## - PUBLICATION, DISTRIBUTION, ETC.
Place of publication, distribution, etc. New York :
Name of publisher, distributor, etc. Scholastic ;
Date of publication, distribution, etc. 2007 .
300 ## - PHYSICAL DESCRIPTION
Extent 64 pages :
Other physical details color illustrations ;
Dimensions 24 cm .
490 ## - SERIES STATEMENT
Series statement 24/7 Forensic Files, 24/7: Science Behind the Scenes (Forensic Files)
520 ## - SUMMARY, ETC.
Summary, etc. The Forensic Files subset examines the forensic sciences behind the most fascinating solved and unsolved cases, from autopsies to facial reconstruction, and more.
650 ## - SUBJECT ADDED ENTRY--TOPICAL TERM
Topical term or geographic name entry element DNA -history
Form subdivision Juvenile Literature
942 ## - ADDED ENTRY ELEMENTS (KOHA)
Source of classification or shelving scheme Dewey Decimal Classification
Koha item type Books
Suppress in OPAC No
Holdings
Withdrawn status Lost status Source of classification or shelving scheme Damaged status Not for loan Collection Home library Current library Shelving location Date acquired Total Checkouts Full call number Barcode Date last seen Price effective from Koha item type
    Dewey Decimal Classification     Non-Fiction Footprints International School Library Network Toul Kork Campus Footprints International School Library Network Toul Kork Campus TTP Secondary Non-Fiction Bookshelves 10/31/2024   PRO 572.8 QP624.P74 FISSE00326 10/31/2024 10/31/2024 Books